Responses for Show #5699 - Thursday, May 21, 2009

Justin Bernbach game 1.

Contestants

[<< previous game]

Sarah Howison, a grad student originally from Bethel, Ohio

Justin Bernbach, a lobbyist from Brooklyn, New York

Andy Davis, a Chyron operator from South Boston, Massachusetts (whose 2-day cash winnings total $49,799)

[next game >>]

Jeopardy! Round responses

THE WORLD AT WAR
FRUIT OF THE KLUM
ALSO A CANTERBURY TALES PILGRIM
OH, WHAT A TANGLED WEBSITE WE WEAVE
HOBO A GO GO
RIDING THE "RAIL"S
    $200 1
Mao Tse-tung

Justin
    $200 23
Germany

Andy
    $200 16
cook

Sarah
    $200 18
Google

Justin
    $200 11
Iowa

Justin
    $200 6
a trailer

Andy
    $400 2
the Crusades

Justin
    $400 27
Sports Illustrated

Justin
    $400 17
Monk

Justin
    $400 19
Yahoo!

Andy
    $400 12
bread

Andy
    $400 7
a guardrail

Sarah
    $600 3
(Sarah: What is the War of the Roses?)

the 30 Years War

JustinSarah
    $600 28
Malcolm in the Middle

Andy
    $600 24
clerks

Andy
    $600 20
The Onion

Justin
    $600 13
double sixes

Justin
    $600 8
Braille

Justin
    $1,200 4
the Crimean War

Justin
    $800 30
Spin City

Justin
    $800 25
Merchant

Andy
    $800 21
(Justin: What is Facebook?)

Twitter

Justin
Triple Stumper
    $800 14
Jack London

Triple Stumper
    $800 9
contrails

Sarah
    $1000 5
(Justin: Who is Bolívar?)
...
(Alex: Who is the other great name in South American history? [*].)

José de San Martín

Justin
Triple Stumper
    $1000 29
Peter Sellers

Sarah
    $1000 26
pardoner

Justin
    $1000 22
DailyCandy

Triple Stumper
    $1000 15
"King Of The Road"

Sarah
    $1000 10
entrails

Andy

Scores at the first commercial break (after clue 15):

Andy Justin Sarah
$1,600 $2,800 $1,600

Scores at the end of the Jeopardy! Round:

Andy Justin Sarah
$4,200 $5,400 $2,800

Double Jeopardy! Round responses

NUCLEAR ENERGY
SONG & MOVIE TITLES
OLD CITIES
PHOTO-SYNTHESIS
ART HEISTS
"J" PEG
    $400 20
water

Justin
    $400 15
"Pretty Woman"

Andy
    $400 25
Mexico

Justin
    $400 6
alfalfa sprouts

Andy
    $400 11
(Justin: Who is Rembrandt?)

van Gogh

AndyJustin
    $400 1
(Andy: What is January?)
...
(Alex: Caesar.)

July

AndyJustin
    $800 21
the Nuclear Regulatory Commission

Andy
    $800 16
American Pie

Justin
    $800 26
Seville

Andy
    $800 7
shallots

Andy
    $800 12
The Scream

Sarah
    $800 2
Judas Iscariot

Justin
    $3,800 22
(Andy: What is a meltdown?)
(Alex: No, it was a movie--famous movie--[*].)

the China syndrome

Andy
    $1200 17
"Jumpin' Jack Flash"

Justin
    $1200 29
a city-state

Justin
    $1200 8
black-eyed peas

Sarah
    $1200 13
Monet

Sarah
    $1200 3
jaunty

Sarah
    $1600 23
a cloud chamber

Triple Stumper
    $1600 18
"Boys Don't Cry"

Andy
    $1600 30
Timbuktu

Justin
    $1600 9
rhubarb

Andy
    $2,000 14
(Sarah: Um... Um, who is Vermeer?)
(Alex: No. You had to think of Jewish-themed art in order to come up with [*]. [*].)

Chagall

Sarah
    $1600 4
the Jesuits

Sarah
    $2000 24
uranium-235

Justin
    $2000 19
"Stand By Me"

Andy
    $2000 27
Assyria

Sarah
    $2000 10
tomatillos

Andy
    $2000 28
(Jan) Vermeer

Justin
    $2000 5
the Janissaries

Sarah

Scores at the end of the Double Jeopardy! Round:

Andy Justin Sarah
$10,800 $15,800 $10,800

[wagering suggestions for these scores]

Final Jeopardy! Round responses

BIG BOOKS
AndyWhat is the Oxford English Dictionary?
$9,799
SarahWhat is The Oxford English Dictionary?
$10,799
JustinWhat is the Oxford English Dictionary
$5,801
the Oxford English Dictionary

Final scores:

Andy Justin Sarah
$20,599 $21,601 $21,599
3rd place: $1,000 New champion: $21,601 2nd place: $2,000

Game dynamics:

Coryat scores:

Andy Justin Sarah
$14,600 $15,400 $12,800
18 R,
2 W
(including 1 DD)
23 R
(including 1 DD),
3 W
12 R,
2 W
(including 1 DD)

Combined Coryat: $42,800

[game clues] [game scores] [suggest correction]

Game tape date: 2009-02-24
The J! Archive is created by fans, for fans. Scraping, republication, monetization, and malicious use prohibited; this site may use cookies and collect identifying information. See terms. The Jeopardy! game show and all elements thereof, including but not limited to copyright and trademark thereto, are the property of Jeopardy Productions, Inc. and are protected under law. This website is not affiliated with, sponsored by, or operated by Jeopardy Productions, Inc. Join the discussion at JBoard.tv.